000 00916cab a2200253 4500
001 ABS50257
008 090401t1994 xxu||||| |||| 00| 0 eng d
035 _a(Sirsi) u74898
041 _aeng
100 _aNeild. P.,
245 _aDangerous dust
260 _c1994
350 _a0
490 _aCII
_vMarch 1994, 29-31(3)
520 _aExplains why the number of cases on asbestos-related claims continues to rise, even though controls on asbestos use have been in place for years. Looks at the statutory measures and illustrates the dangers involved in asbestos-related diseases.
650 _aASBESTOS REGULATIONS 1969
650 _aMANAGEMENT-HEALTH AND SAFETY-HAZARDOUS SUBSTANCES-ASBESTOS
650 _aFACTORIES ACT 1961 S63
650 _aHEALTH HAZARDS
650 _aSTOKES V GKN (BOLTS AND NUTS LTD)
690 _aBUILT ENVIRONMENT-BUILDING STANDARDS
942 _n0
948 _c04/03/1997
999 _c47188
_d47188